| 000 | 00895pam a2200253 a 4500 | ||
|---|---|---|---|
| 001 | 3450174 | ||
| 005 | 20230322161136.0 | ||
| 008 | 920625s1985 wyua p 000 0 eng | ||
| 010 | _a 92024616 | ||
| 020 |
_a0891000623 (pbk.) : _c$7.95 |
||
| 040 |
_aDLC _cDLC _dDLC |
||
| 050 | 0 | 0 |
_aTL589 _b.A45 1985 |
| 082 | 0 | 0 |
_a629.135 _220 _bCRA |
| 100 |
_aCrane, Dale _9111142 |
||
| 245 | 0 | 0 |
_aAircraft instrument systems. _cDale Crane |
| 260 |
_aCasper, WY : _bIAP, _cc1985. |
||
| 300 |
_ax, 81 p. : _bill. ; _c28 cm. |
||
| 500 | _a"Order number EA-AIS." | ||
| 650 | 0 |
_aAeronautical instruments _xMaintenance and repair _xProgrammed instruction. _9111143 |
|
| 710 | 2 |
_aIAP, Inc. _9111144 |
|
| 906 |
_a7 _bcbc _corignew _d1 _eocip _f19 _gy-gencatlg |
||
| 942 |
_2ddc _cBK |
||
| 999 |
_c594121 _d594121 |
||